000 00692cab a2200253 4500
001 WB2934-35
008 090401t1993 xxu||||| |||| 00| 0 eng d
035 _a(Sirsi) u25145
041 _aeng
245 _aJubilee line extension
260 _c1993
350 _a0
490 _aDepartment of Transport Press Notice
_v(359) 10 September 1993 (3)
520 _aThe private-sector funding for the Jubilee line extension has been settled.
650 _aCOSTS
650 _aJUBILEE LINE
650 _aLONDON
650 _aOLYMPIA & YORK
650 _aPRIVATE SECTOR FUNDING
650 _aRAILWAYS
690 _aTRANSPORT AND COMMUNICATIONS
942 _n0
948 _c04/03/1997
999 _c16868
_d16868